| 000 | 00305 a2200109 4500 | ||
|---|---|---|---|
| 082 | _a666.893 KOS | ||
| 100 | _aKosmatka, Steven H. | ||
| 245 |
_aDEsign and Control of Concrete Mixtures / _cSteven H. Kosmatka |
||
| 250 | _a14th.ed. | ||
| 260 |
_aIllinois : _cPCA , _b2005 |
||
| 300 |
_a358p. : _bill. ; _c27cm |
||
| 650 | _aconcrete mixture | ||
| 999 |
_c1725 _d1725 |
||